Welche Stadt in Italien? - Statistiken

Allgemein
  • Dieses Quiz wurde 150 mal gespielt
  • Das Durchschnittsergebnis liegt bei 15 aus 20
Antwortstatistiken
Hinweis # Stadt % Korrekt
Hauptstadt R Rom
100%
Modemetropole Italiens M Mailand
99%
Geburtsstadt der Pizza N Neapel
98%
berühmt für den dortigen schiefen Turm P Pisa
98%
Gondelfahrten, Markusplatz, Rialtobrücke V Venedig
98%
"Wiege der Renaissance", Heimatort zahlreicherKünstler und Dichter wie zB Dante Alighieri F Florenz
94%
sizilianische Hauptstadt P Palermo
91%
"kulinarische Hauptstadt Italiens", Bolognese hathier ihren Ursprung B Bologna
85%
Geburtsort von Christoph Kolumbus; größterHafen Italiens G Genua
85%
Schauplatz der Liebesgeschichte"Romeo und Julia" von William Shakespeare V Verona
83%
1899 wurde dort die AutomobilproduktionFiat gegründet T Turin
82%
hier befindet sich die Ausgrabungsstätte derfast gleichnamigen antiken Stadt, die durch den Asbruch des Vesuv verschüttet wurde P Pompei
73%
größte italienische Stadt an der Adria, dessenAltstadt auf einer Landzunge liegt B Bari
71%
fast 70% der Bevölkerung ist deutschsprachig B Bozen
71%
war jahrhundertelang einzige Hafenstadt unterösterreichischer Herrschaft T Triest
66%
toskanische Stadt, bekannt für die Piazza del Campo S Siena
50%
kleine Hügelstadt in Umbrien, bekannt für denhier geborenen Schutzheiligen Franziskus A Assisi
48%
die Stadt liegt am Fuße des Ätna, bekannteSehenswürdigkeiten sind das Castello Ursino und der Elefantenbrunnen C Catania
47%
Hauptstadt der kleinsten italienischen Regionnahe des Mont Blanc A Aosta
37%
sie war ursprünglich eine griechische Stadt, welche durch eine Belagerung 212 v. Chr. von den Römern übernommen wurde S Syrakus
33%
Keine übereinstimmenden Quizze gefunden
Verteilung der Resultate
Anzahl Personen mit jedem Resultat
Perzentil nach korrekt beantworteten Fragen
Ihre Resultats-Entwicklung
Sie haben dieses Quiz noch nicht gespielt